Alternative histories : (Record no. 30404)

MARC details
000 -LEADER
fixed length control field 01318cam a2200337 i 4500
001 - CONTROL NUMBER
control field 17169456
003 - CONTROL NUMBER IDENTIFIER
control field EG-ScBUE
005 - DATE AND TIME OF LATEST TRANSACTION
control field 20230516103950.0
008 - FIXED-LENGTH DATA ELEMENTS--GENERAL INFORMATION
fixed length control field 120217t2012 maua f b 001 0 eng d
020 ## - INTERNATIONAL STANDARD BOOK NUMBER
International Standard Book Number 9780262017961 (hardcover : alk. paper)
040 ## - CATALOGING SOURCE
Original cataloging agency DLC
Language of cataloging eng
Description conventions rda
Transcribing agency DLC
Modifying agency DLC
-- EG-ScBUE
043 ## - GEOGRAPHIC AREA CODE
Geographic area code n-us-ny
082 04 - DEWEY DECIMAL CLASSIFICATION NUMBER
Classification number 709.747109045
Edition number 22
Item number ALT
245 00 - TITLE STATEMENT
Title Alternative histories :
Remainder of title New York art spaces, 1960 to 2010 /
Statement of responsibility, etc edited by Lauren Rosati and Mary Anne Staniszewski, Exit Art.
264 #1 - PUBLICATION, DISTRIBUTION, ETC. (IMPRINT)
Place of publication, distribution, etc Cambridge, Massachusetts :
Name of publisher, distributor, etc The MIT Press,
Date of publication, distribution, etc [2012]
264 #4 - PUBLICATION, DISTRIBUTION, ETC. (IMPRINT)
Date of publication, distribution, etc c2012
300 ## - PHYSICAL DESCRIPTION
Extent 404 pages :
Other physical details illustrations ;
Dimensions 26 cm
336 ## - CONTENT TYPE
Content type term text
Source rdacontent
Content type code txt
337 ## - MEDIA TYPE
Media type term unmediated
Source rdamedia
Media type code n
338 ## - CARRIER TYPE
Carrier type term volume
Source rdacarrier
Carrier type code nc
504 ## - BIBLIOGRAPHY, ETC. NOTE
Bibliography, etc Includes bibliographical references and index.<br/>
650 #7 - SUBJECT ADDED ENTRY--TOPICAL TERM
Topical term or geographic name as entry element Art, American
Geographic subdivision New York (State)
-- New York
Chronological subdivision 20th century.
Source of heading or term BUEsh
650 #7 - SUBJECT ADDED ENTRY--TOPICAL TERM
Topical term or geographic name as entry element Alternative spaces (Arts facilities)
Geographic subdivision New York (State)
-- New York.
Source of heading or term BUEsh
653 ## - INDEX TERM--UNCONTROLLED
Resource For college Arts and Design
Arrived date list May2023
655 ## - INDEX TERM--GENRE/FORM
Form subdivision Reading book
700 1# - ADDED ENTRY--PERSONAL NAME
Personal name Rosati, Lauren,
Dates associated with a name 1985-
Relator term editor.
700 1# - ADDED ENTRY--PERSONAL NAME
Personal name Staniszewski, Mary Anne,
Relator term editor.
906 ## - LOCAL DATA ELEMENT F, LDF (RLIN)
a 7
b cbc
c orignew
d 1
e ecip
f 20
g y-gencatlg
942 ## - ADDED ENTRY ELEMENTS (KOHA)
Source of classification or shelving scheme Dewey Decimal Classification
Koha item type Book - Borrowing
Holdings
Withdrawn status Lost status Source of classification or shelving scheme Damaged status Not for loan Collection code Home library Current library Shelving location Date acquired Source of acquisition Cost, normal purchase price Serial Enumeration / chronology Total Checkouts Full call number Barcode Date last seen Cost, replacement price Price effective from Koha item type
    Dewey Decimal Classification     Baccah Central Library Central Library Second Floor 16/05/2023 Purchase 1526.00 37380   709.747109045 ALT 000056679 15/07/2025 1907.50 16/05/2023 Book - Borrowing